les 20 meilleurs joueurs de tout les temps (subjectif) - Statistiques

Statistiques générales
  • Ce quiz a été pris 731 fois
  • Le résultat moyen est 12 sur 20
Statistiques - réponses
réponses % Correct
Cristiano Ronaldo
100%
Lionel Messi
99%
Ronaldo
98%
Pelé
92%
Diego Maradona
88%
Zinedine Zidane
88%
Ronaldinho
76%
Neymar
70%
Johann Cruyff
61%
Andres Iniesta
58%
Michel Platini
56%
Xavi
53%
Paolo Maldini
52%
Thierry Henry
44%
Franz Beckenbauer
37%
Marco Van Basten
34%
Eusebio
23%
Ferenc Puskas
20%
Garrincha
17%
George Best
13%
Aucun quiz correspondant
Distribution des résultats
% des personnes avec chaque résultat
Percentile par nombre de réponses
Votre historique - résultats
Vous n’avez pas pris ce quiz